OECD territorial reviews: northern sparsely populated areas

Na minha lista:
Detalhes bibliográficos
Formato: Livro
Idioma:inglês
Publicado em: Paris OECD 2017
Colecção:OECD territorial reviews
Assuntos:
Tags: Adicionar Tag
Sem tags, seja o primeiro a adicionar uma tag!

MARC

LEADER 00000nam a2200000 4500
001 0231312
005 20240314123351.5
020 |a 978-92-64-26819-7 
041 0 |a eng 
044 |a FR 
245 1 0 |a OECD territorial reviews: northern sparsely populated areas 
264 1 |a Paris  |b OECD  |c 2017 
300 |a 223 s. 
490 1 |a OECD territorial reviews 
830 0 |a OECD territorial reviews 
610 2 0 |a rozvoj regionálny 
610 2 0 |a regióny 
610 2 0 |a politika regionálna 
610 2 0 |a Škandinávia 
610 2 0 |a Fínsko 
610 2 0 |a Nórsko 
610 2 0 |a Švédsko